00429 2200169 4500001002100000005001500021008004100036020002200077035001900099041000700118082000800125090001400133245003000147260003200177300001800209650003200227INLIS00000000001699720241224115229241224||||||||| | ||| |||| || |  a978-602-8179-58-4 0010-1224016997 aid0 a577 a577 TIM k00aKalender Lingkungan Hidup aJakartabRIZKY GRAFISc2008 a30hlm;15x21cm 0aIlmu-ilmu Tentang Kehidupan